| 000 | 00886nam a2200301Ia 4500 | ||
|---|---|---|---|
| 001 | H3148 | ||
| 003 | IT-RoPAU | ||
| 008 | 130308s9999 xx 000 0 und d | ||
| 040 | _aIT-RoPAU | ||
| 040 | _cIT-RoPAU | ||
| 041 | _aITALIANO | ||
| 100 | _aLandowski Eric | ||
| 100 | _gCodice Aut. SPICS: 4892 | ||
| 245 | _aFare segno, fare senso: regimi di significazione del corpo | ||
| 245 | _bForme della Testualità . Teoria, Modelli, storia e Prospettive | ||
| 250 | _a1a ed. | ||
| 260 | _aTORINO | ||
| 260 | _bTesto & Immagine | ||
| 260 | _c2001 [1° Ed.:2001 - Ed.Ling.Originale:2001] | ||
| 300 | _a"16 p. (prefazione: no ; testo: 16 [pagine: 60-75])" | ||
| 500 | _aCorpo Desemantizzato. Senso Disincarnato. Corpo a Corpo, Fare Senso. | ||
| 650 | _aSEMIOLOGIA | ||
| 650 | _eCodice materia Spics: 3251 | ||
| 942 | _cBK | ||
| 957 | _71 | ||
| 999 |
_c40751 _d40751 |
||
| 999 | _bSI | ||
| 999 | _g1 | ||